Virtuálny nábeh robotickej výrobnej linky

Salvato in:
Dettagli Bibliografici
Autore principale: Číž, Michal (Autore)
Altri autori: Babinec, Andrej (Relatore della tesi)
Natura: Manoscritto Libro
Lingua:slovacco
Pubblicazione: 2019
Soggetti:
Accesso online:http://is.stuba.sk/zp/portal_zp.pl?podrobnosti=144514
Tags: Aggiungi Tag
Nessun Tag, puoi essere il primo ad aggiungerne!!

MARC

LEADER 00000ntm a22000003a 4500
001 stuzp71551
003 SK-STU
005 20190703141140.1
007 ta
008 150427s2015----xo-----f-mn---000-0-slo-d
040 |a STU  |b slo 
041 0 |a slo 
044 |a xo 
100 1 |a Číž, Michal  |u 031000  |k Z4  |4 aut  |U FEI Fakulta elektrotechniky a informatiky  |T FEI Ústav robotiky a kybernetiky  |X 74501  |U E011  |Y 356  |7 74501 
242 0 1 |a Virtual launch of the production line  |y eng 
245 1 0 |a Virtuálny nábeh robotickej výrobnej linky 
260 |c 2019 
300 |a 45 s., príl.,  |b CD-ROM 
650 4 |a Process Simlate  |2 slo 
650 4 |a Výrobná linka  |2 slo 
650 4 |a Optimalizácia výrobného systému  |2 slo 
650 4 |a Process Simlate  |2 eng 
650 4 |a Production Line  |2 eng 
650 4 |a Production System Optimization  |2 eng 
700 1 |a Babinec, Andrej  |u 031000  |k Z1  |4 ths  |U FEI Fakulta elektrotechniky a informatiky  |T FEI Ústav robotiky a kybernetiky  |X 11598  |U E011  |Y 356  |7 A000011598 
856 4 |u http://is.stuba.sk/zp/portal_zp.pl?podrobnosti=144514 
996 |b 284EP12247  |c E*DIPL- 12247  |l EE31  |s P  |a 0  |w stuzp71551_0001